| 000 | 01323cab a2200253 4500 | ||
|---|---|---|---|
| 001 | ABS52552 | ||
| 008 | 090401t1995 xxu||||| |||| 00| 0 eng d | ||
| 035 | _a(Sirsi) u84346 | ||
| 041 | _aeng | ||
| 245 | _aHistoric Houses Hotels Ltd v Cadogan Estates | ||
| 260 | _c1995 | ||
| 350 | _a0 | ||
| 490 |
_aEstates Gazette _v(1995) 11 EG 140-141(2) |
||
| 520 | _aCA 28 July 1994. H held a 60-year lease on a hotel, subject to five yearly rent reviews. Any improvements made by H were to be disregarded, other than those made for which there was obligation, sole expense and C`s consent. Such repairs were undertaken and a lessor`s licence granted, but with the covenant that the lease terms would be applicable as if the hotel was in its unaltered state. Dispute at rent review led C to contend in the ChD that it must be assumed that the hotel was first demised in its present altered state and that the disregard in the rent review clause should be excluded. C lost at first instance and appealed. Appeal dismissed. | ||
| 650 | _aALTERATIONS | ||
| 650 | _aCADOGAN HOTEL | ||
| 650 | _aDISREGARDS | ||
| 650 | _aHISTORIC HOUSES HOTELS LTD V CADOGAN ESTATES | ||
| 650 | _aRENT REVIEWS | ||
| 650 | _aTENANTS IMPROVEMENTS | ||
| 690 | _aLANDLORD AND TENANT-CASE LAW-RENT REVIEWS | ||
| 942 | _n0 | ||
| 948 | _c04/03/1997 | ||
| 999 |
_c53008 _d53008 |
||